[Event "Lone Pine op"]
[Site "Lone Pine"]
[Date "1981.??.??"]
[Round "?"]
[White "Zaltsman, Vitaly F"]
[Black "Soltis, Andrew E"]
[Result "0-1"]
[WhiteElo "2420"]
[BlackElo "2480"]

1.d4 g6 2.Nf3 Bg7 3.g3 Nf6 4.Bg2 O-O 5.O-O d6 6.c4 c6 7.Nc3 Qa5 8.h3 Nbd7
9.e4 e5 10.Be3 Nb6 11.Nd2 exd4 12.Bxd4 Be6 13.Nb3 Qb4 14.e5 dxe5 15.Bc5 Qxc4
16.Bxf8 Rxf8 17.Re1 Nfd5 18.Ne4 Na4 19.Rc1 Qb4 20.Nec5 Nxc5 21.Nxc5 Bc8 22.Qc2 f5
23.a3 Qb6 24.b4 e4 25.Bf1 Kh8 26.Qb3 Qd8 27.b5 Qd6 28.bxc6 bxc6 29.Red1 Qe5
30.Bc4 e3 31.Bxd5 exf2+ 32.Kxf2 cxd5 33.Rxd5 Qf6 34.Nd7 Bxd7 35.Rxd7 f4 36.Kg1 Qf5  0-1

[Event "US op"]
[Site "Palo Alto"]
[Date "1981.??.??"]
[Round "2"]
[White "Soltis, Andrew E"]
[Black "Goldsby, AJ."]
[Result "1-0"]
[WhiteElo "2523"]
[BlackElo "2009"]

1.e4 c5 2.Nc3 Nc6 3.Nge2 g6 4.d4 cxd4 5.Nxd4 Bg7 6.Nde2 Nf6 7.g3 O-O 8.Bg2 d6
9.O-O Bd7 10.h3 Rb8 11.a4 a6 12.Nd5 b5 13.axb5 axb5 14.Be3 Nxd5 15.exd5 Na5
16.Bd4 Bxd4 17.Nxd4 e5 18.dxe6 fxe6 19.b3 e5 20.Ne2 Qc7 21.Qd2 Nb7 22.Nc3 Rfc8
23.Nd5 Qd8 24.f4 Bf5 25.Ne3 Qb6 26.Kh2 Be6 27.f5 gxf5 28.Nxf5 Bxf5 29.Rxf5 Rc7
30.Raf1 Qc5 31.Bd5+ Kh8 32.Rf8+  1-0

[Event "US op"]
[Site "Palo Alto"]
[Date "1981.??.??"]
[Round "8"]
[White "Grefe, John A"]
[Black "Soltis, Andrew E"]
[Result "1-0"]
[WhiteElo "2502"]
[BlackElo "2523"]

1.c4 g6 2.d4 Bg7 3.Nc3 d6 4.e4 Nd7 5.Nf3 e5 6.Be2 Ngf6 7.O-O O-O 8.Be3 c6
9.Qc2 Ng4 10.Bg5 f6 11.Bc1 f5 12.dxe5 Ndxe5 13.Nxe5 Bxe5 14.Bxg4 fxg4 15.Be3 Be6
16.c5 dxc5 17.Bxc5 Rf7 18.Rad1 Qc7 19.g3 Re8 20.Be3 Qa5 21.Na4 Qb4 22.b3 Bg7
23.Bxa7 Bd7 24.Rfe1 b5 25.Bc5 Qa5 26.Nb6 Be6 27.a4 bxa4 28.Nxa4 Qb5 29.b4 Rf3
30.Re3 Ra8 31.Nb6 Rb8 32.Rd6 Bf7 33.Qd1 Re8 34.Rxf3 gxf3 35.Qxf3 Bf8 36.Nd7 Ra8
37.Nxf8 Bc4 38.Nd7 Be2 39.Nf6+ Kh8 40.Qc3 Qc4 41.Rd7  1-0

[Event "US op"]
[Site "Palo Alto"]
[Date "1981.??.??"]
[Round "9"]
[White "Soltis, Andrew E"]
[Black "Rowley, Robert"]
[Result "1-0"]
[WhiteElo "2523"]
[BlackElo "2383"]

1.e4 e5 2.Nc3 Nf6 3.g3 Bb4 4.Bg2 O-O 5.a3 Ba5 6.Nge2 c6 7.d3 d5 8.b4 Bb6
9.exd5 cxd5 10.O-O h6 11.Na4 Bc7 12.c4 Nc6 13.cxd5 Nxd5 14.Bb2 Nde7 15.Rc1 Rb8
16.Qd2 Be6 17.b5 Nd4 18.Nxd4 exd4 19.Qb4 Be5 20.Rfe1 Bf6 21.Nc5 Nd5 22.Qb3 Nf4
23.Nxe6 Nxe6 24.a4 Be7 25.Re5 Rc8 26.Rc4 Rxc4 27.Qxc4 Bf6 28.Re2 Qd7 29.Qd5 Qxd5
30.Bxd5 Nc5 31.Ba3 b6 32.Bxc5 bxc5 33.a5 Rb8 34.b6 a6 35.Bc4 Kf8 36.Bxa6 Bd8
37.Bb5 Bxb6 38.axb6 g6 39.Re8+  1-0

[Event "US op"]
[Site "Palo Alto"]
[Date "1981.??.??"]
[Round "10"]
[White "Soltis, Andrew E"]
[Black "Burger, Karl"]
[Result "1-0"]
[WhiteElo "2523"]
[BlackElo "2488"]

1.e4 c6 2.d3 d5 3.Nd2 Qc7 4.Ngf3 Nf6 5.e5 Nfd7 6.d4 e6 7.c4 Be7 8.Bd3 c5
9.O-O cxd4 10.cxd5 exd5 11.Nb3 Nc6 12.Re1 Qb6 13.Bg5 Bb4 14.e6 Nf8 15.exf7+ Kxf7
16.Bd2 h6 17.Nbxd4 Bxd2 18.Qxd2 Nxd4 19.Nxd4 Ne6 20.Nf3 g5 21.g3 Rf8 22.Bf5 Nc7
23.Bxc8 Raxc8 24.Qd3 Rh8 25.Qf5+ Qf6 26.Qd7+  1-0

[Event "US op"]
[Site "Palo Alto"]
[Date "1981.??.??"]
[Round "11"]
[White "Meyer, John C"]
[Black "Soltis, Andrew E"]
[Result "1-0"]
[WhiteElo "2417"]
[BlackElo "2523"]

1.d4 g6 2.Nf3 Bg7 3.e4 d6 4.c4 Nd7 5.Nc3 e5 6.Be2 Ngf6 7.O-O O-O 8.Be3 c6
9.Qc2 Ng4 10.Bg5 f6 11.Bd2 f5 12.exf5 exd4 13.Ne4 gxf5 14.Nxd6 Nc5 15.Bf4 Ne6
16.Qd2 c5 17.Nxc8 Rxc8 18.Bd3 Qf6 19.h3  1-0

[Event "US op"]
[Site "Palo Alto"]
[Date "1981.??.??"]
[Round "12"]
[White "Soltis, Andrew E"]
[Black "Youngworth, Perry"]
[Result "1-0"]
[WhiteElo "2523"]
[BlackElo "2401"]

1.e4 c6 2.d3 d5 3.Nd2 e6 4.g3 Nf6 5.Bg2 Be7 6.Ngf3 O-O 7.O-O a5 8.Re1 a4
9.e5 Nfd7 10.Nf1 a3 11.b3 Re8 12.h4 Nf8 13.N1h2 h6 14.Ng4 Nh7 15.Bf4 Bf8
16.d4 b6 17.Qd2 Ba6 18.Rac1 Ra7 19.Rcd1 Rd7 20.b4 Bc4 21.Ne3 Bb5 22.h5 Na6
23.Rb1 Qe7 24.c3 Ba4 25.Rbc1 Nc7 26.Bf1 Nb5 27.Bd3 Rb8 28.Ng4 Rdb7 29.Bxh6 gxh6
30.Bxh7+ Kxh7 31.Nf6+ Kh8 32.Qd3 Qxf6 33.exf6 c5 34.bxc5 bxc5 35.dxc5 Nc7
36.Ne5  1-0

[Event "World op"]
[Site "New York"]
[Date "1983.??.??"]
[Round "?"]
[White "Soltis, Andrew E"]
[Black "Zaltsman, Vitaly F"]
[Result "1-0"]
[WhiteElo "2455"]
[BlackElo "2395"]

1.e4 c5 2.Nf3 e6 3.d4 cxd4 4.Nxd4 Nf6 5.Nc3 d6 6.Bc4 Nc6 7.Be3 Be7 8.Qe2 O-O
9.O-O-O Nxd4 10.Bxd4 Qa5 11.Kb1 Bd7 12.Bb3 Rfc8 13.f4 e5 14.Nd5 Nxd5 15.exd5 Bg4
16.Qxg4 exd4 17.Rxd4 b5 18.Re4  1-0

[Event "New York op"]
[Site "New York"]
[Date "1984.??.??"]
[Round "1"]
[White "Larsen, Bent"]
[Black "Soltis, Andrew E"]
[Result "0-1"]
[WhiteElo "2565"]
[BlackElo "2435"]

1.c4 Nf6 2.Nc3 d6 3.g3 g6 4.Bg2 Bg7 5.Nf3 O-O 6.O-O c6 7.d4 Qa5 8.Qc2 Qh5
9.Rd1 Na6 10.Qd2 Re8 11.Qg5 Qxg5 12.Bxg5 h6 13.Be3 Bf5 14.h3 Ne4 15.Rac1 Nxc3
16.Rxc3 Be4 17.Ne1 Bxg2 18.Kxg2 c5 19.Rb3 b6 20.d5 Nc7 21.a4 Reb8 22.Nc2 a6
23.Na3 Rb7 24.Bd2 Rab8 25.Bc3 b5 26.axb5 axb5 27.Ba5 b4  0-1

[Event "New York op"]
[Site "New York"]
[Date "1984.??.??"]
[Round "4"]
[White "Soltis, Andrew E"]
[Black "Burger, Karl"]
[Result "0-1"]
[WhiteElo "2435"]
[BlackElo "2305"]

1.e4 c6 2.d3 g6 3.Nd2 Bg7 4.Ngf3 d6 5.d4 Nf6 6.Bd3 Qc7 7.O-O O-O 8.a4 Na6
9.c3 c5 10.Re1 cxd4 11.Nxd4 Nc5 12.Bc2 Bd7 13.b4 Ne6 14.Bb2 Rac8 15.Bb3 Nf4
16.Qf3 Bh6 17.Nc4 Bg4 18.Qg3 e5 19.Nb5 Qd7 20.f3 Be6 21.Nbxd6 Rxc4 22.Nxc4 Qc7
23.Na5 Qb6+ 24.Qf2 Qxf2+ 25.Kxf2 Nd3+ 26.Ke2 Nxb2 27.Bxe6 fxe6 28.Reb1 b6
29.Nc6 Nc4 30.Nxa7 Nh5 31.g3 g5 32.Nc6 g4 33.fxg4 Nf6 34.a5 bxa5 35.Nxa5 Nd2
36.Rb2 Nfxe4 37.Nb3 Nxc3+ 38.Kd3 Rf3+ 39.Kc2 Nc4 40.Ra8+ Kf7 41.Ra7+ Kg6
42.Ra6 Nd5 43.Rxe6+ Kg7 44.Rb1 Nxb4+ 45.Kd1 Rf1+ 46.Ke2 Rxb1  0-1

[Event "New York op"]
[Site "New York"]
[Date "1984.??.??"]
[Round "7"]
[White "Chow, Albert"]
[Black "Soltis, Andrew E"]
[Result "0-1"]
[WhiteElo "2305"]
[BlackElo "2465"]

1.d4 Nf6 2.c4 d6 3.Nc3 Nbd7 4.e4 e5 5.Nf3 g6 6.Be2 Bg7 7.O-O O-O 8.Re1 c6
9.Bf1 a6 10.Rb1 exd4 11.Nxd4 Re8 12.Bg5 Qc7 13.Qd2 Nc5 14.f3 b5 15.b4 Ne6
16.Be3 Bb7 17.Rbc1 Qe7 18.Nb3 bxc4 19.Bxc4 d5 20.exd5 cxd5 21.Bc5 Qd8 22.Bd3 Nxc5
23.Nxc5 Rxe1+ 24.Qxe1 Bc8 25.Kh1 d4 26.N3e4 Nd5 27.Bc4 Ne3 28.a4 Bf8 29.a5 Kg7
30.Qg3 Nxc4 31.Rxc4 Qd5 32.Na4 Qxc4 33.Qe5+ f6 34.Qxf6+ Kg8 35.h3 Bb7 36.Nb6 Qc1+
37.Kh2 Re8  0-1

[Event "New York op"]
[Site "New York"]
[Date "1985.??.??"]
[Round "1"]
[White "Soltis, Andrew E"]
[Black "Marchand, Erich Watkinson"]
[Result "1-0"]
[WhiteElo "2450"]
[BlackElo "2245"]

1.e4 c5 2.Nc3 Nc6 3.Nge2 Nd4 4.Nxd4 cxd4 5.Nb5 e5 6.c3 a6 7.Na3 Bc5 8.b4 Ba7
9.c4 Nf6 10.d3 d6 11.Bd2 Bd7 12.Be2 b5 13.O-O h6 14.Qe1 O-O 15.Bd1 Bc6 16.Bb3 Rc8
17.Rc1 Qe7 18.Qe2 Kh7 19.Rc2 bxc4 20.Nxc4 d5 21.exd5 Bxd5 22.Qxe5 Qxe5 23.Nxe5 Rxc2
24.Bxc2 Re8 25.Nc4 Ne4 26.Re1 Bxc4 27.dxc4 d3 28.Rxe4  1-0

[Event "New York op"]
[Site "New York"]
[Date "1985.??.??"]
[Round "3"]
[White "Soltis, Andrew E"]
[Black "Ljubojevic, Ljubomir"]
[Result "1/2-1/2"]
[WhiteElo "2450"]
[BlackElo "2595"]

1.e4 e5 2.Nc3 Nf6 3.g3 d5 4.exd5 Nxd5 5.Bg2 Nxc3 6.bxc3 Be7 7.Nf3 Nc6 8.O-O O-O
9.Re1 Bf6 10.d3 Bg4 11.Rb1 Rb8 12.h3 Be6 13.c4 Qd7 14.Kh2 Rfe8 15.Bb2 Bf5
16.Nd2 Nd4 17.Nb3 b6 18.Bxd4 exd4 19.Qf3 Be6 20.Re2 Qa4 21.Qc6 Qxc6 22.Bxc6 Bd7
23.Rxe8+ Bxe8 24.Bxe8 Rxe8 25.Kg2 a5 26.a4 Kf8 27.Kf3 Re6 28.c5 Ke8 29.cxb6 cxb6
30.Nd2  1/2-1/2

[Event "New York op"]
[Site "New York"]
[Date "1985.??.??"]
[Round "6"]
[White "Bjarnason, Saevar"]
[Black "Soltis, Andrew E"]
[Result "1-0"]
[WhiteElo "2355"]
[BlackElo "2450"]

1.d4 Nf6 2.c4 d6 3.Nf3 g6 4.Nc3 Nbd7 5.e4 e5 6.Be2 Bg7 7.O-O O-O 8.Re1 c6
9.Bf1 a6 10.Rb1 exd4 11.Nxd4 Re8 12.Bg5 h6 13.Bh4 Ne5 14.f4 g5 15.fxg5 Nfg4
16.h3 hxg5 17.Bg3 Nf6 18.Nf5 Bxf5 19.exf5 Qb6+ 20.Bf2 Qc7 21.Ne4 Nxe4 22.Rxe4 Rad8
23.Qh5 Qe7 24.h4 d5 25.cxd5 cxd5 26.Rd4 Bf6 27.hxg5 Bxg5 28.Rbd1 Rd6 29.Rxd5 Rh6
30.Qe2 Qf6 31.Bg3 Qb6+ 32.R1d4 f6 33.Bf2 Qc7 34.g3 Qh7 35.Bg2 Qxf5 36.Rd8 Rxd8
37.Rxd8+ Kg7 38.Qe4 Qxe4 39.Bxe4 b5 40.Ra8 Rh8 41.Rxa6 Rd8 42.Ra7+ Kh8 43.Ra8 Rxa8
44.Bxa8 Kg7 45.Kf1 Kg6 46.Ke2 Kf5 47.b3 Ke6 48.a4 bxa4 49.bxa4 Nc4 50.Kd3 Ne5+
51.Kc3 Nd7 52.a5 Nb8 53.Bb7 Kd6 54.Kc4 f5 55.a6 Kc7 56.Kb5 f4 57.g4  1-0

[Event "Calcutta"]
[Site "Calcutta"]
[Date "1986.??.??"]
[Round "?"]
[White "Soltis, Andrew E"]
[Black "Ravikumar, Vaidyanathan"]
[Result "1/2-1/2"]
[WhiteElo "2440"]
[BlackElo "2370"]

1.e4 c5 2.Nc3 Nc6 3.Nge2 g6 4.d4 cxd4 5.Nxd4 Bg7 6.Nde2 d6 7.g3 Nf6 8.Bg2 O-O
9.O-O a6 10.h3 Rb8 11.a4 b5 12.axb5 axb5 13.Be3 b4 14.Nd5 e6 15.Nxf6+ Bxf6
16.Nd4 Bb7 17.Qd2 Nxd4 18.Bxd4 Bxd4 19.Qxd4 Qc7  1/2-1/2

[Event "Calcutta"]
[Site "Calcutta"]
[Date "1986.??.??"]
[Round "?"]
[White "Soltis, Andrew E"]
[Black "Meetei, AB."]
[Result "1-0"]
[WhiteElo "2440"]
[BlackElo "2320"]

1.e4 e5 2.Nc3 Nc6 3.f4 exf4 4.Nf3 g5 5.d4 g4 6.Bc4 gxf3 7.O-O d6 8.Qxf3 Be6
9.Bxe6 fxe6 10.Bxf4 Nxd4 11.Qh5+ Kd7 12.Rad1 Qe8 13.Qxe8+ Kxe8 14.Rxd4 e5
15.Be3 exd4 16.Bxd4 Nf6 17.Bxf6 Rg8 18.Nd5 Kd7 19.Bd4 Kc6 20.Rf3 Rc8 21.Ra3 Kd7
22.Nf6+ Ke6 23.Nxg8 c5 24.Bf6 Kf7 25.Rg3 Re8  1-0

[Event "Calcutta"]
[Site "Calcutta"]
[Date "1986.??.??"]
[Round "?"]
[White "Agzamov, Georgy"]
[Black "Soltis, Andrew E"]
[Result "1-0"]
[WhiteElo "2545"]
[BlackElo "2440"]

1.d4 Nf6 2.c4 d6 3.Nc3 Nbd7 4.Nf3 g6 5.g3 Bg7 6.Bg2 O-O 7.O-O e5 8.Qc2 c6
9.Rd1 Qe7 10.e4 Nb6 11.b3 Bg4 12.dxe5 dxe5 13.a4 Rfd8 14.Ba3 Rxd1+ 15.Nxd1 Qc7
16.Ne3 Bxf3 17.Bxf3 Rd8 18.c5 Nbd7 19.Nc4 Nf8 20.Bb2 N6d7 21.b4 Ne6 22.Rd1 Nd4
23.Bxd4 exd4 24.Be2 b6 25.cxb6 axb6 26.a5 b5 27.Nb2 Qd6 28.Nd3 Re8 29.Rc1 Rxe4
30.Bf3 Re6 31.Qxc6 Ne5 32.Qxd6 Nxf3+ 33.Kg2 Nh4+ 34.gxh4 Rxd6 35.Rc5  1-0

[Event "New York op"]
[Site "New York"]
[Date "1986.??.??"]
[Round "?"]
[White "Arnason, Jon L"]
[Black "Soltis, Andrew E"]
[Result "0-1"]
[WhiteElo "2500"]
[BlackElo "2440"]

1.e4 g6 2.d4 Bg7 3.Nc3 d6 4.f4 c6 5.Nf3 Bg4 6.Be3 Qb6 7.Qd3 Nf6 8.Ne5 d5
9.f5 dxe4 10.Qc4 O-O 11.fxg6 hxg6 12.Nxg6 Be6 13.Nxe7+ Kh8 14.Na4 Qd8 15.Qb4 b5
16.d5 Bxd5 17.Nf5 bxa4 18.Nxg7 Kxg7 19.O-O-O Nbd7 20.Qe1 Qc7 21.Qh4 Rh8 22.Qg5+ Kf8
23.Bf4 Qb6 24.c4 Rh5 25.Bd6+ Ke8 26.Qg7 Qe3+ 27.Kb1 Rh7 28.Qxh7 Nxh7 29.cxd5 c5
30.Bb5 Qh6 31.Bxc5 Kd8 32.Ba3 Rb8 33.Bxa4 Ne5 34.Rc1 Qa6 35.Bb3 Nf6 36.d6 Nfg4
37.Rc5 f6 38.Rhc1 Nd3 39.Rc6 Rb6  0-1

[Event "New York op"]
[Site "New York"]
[Date "1987.??.??"]
[Round "?"]
[White "Illescas Cordoba, Miguel"]
[Black "Soltis, Andrew E"]
[Result "1/2-1/2"]
[WhiteElo "2505"]
[BlackElo "2405"]

1.e4 g6 2.d4 Bg7 3.Nc3 c6 4.h4 d5 5.e5 h5 6.Bd3 Qb6 7.Nge2 Nh6 8.Na4 Qa5+
9.c3 Bg4 10.f3 Bf5 11.b4 Qc7 12.Bxf5 Nxf5 13.g4 hxg4 14.fxg4 Rxh4 15.Rxh4 Nxh4
16.Kf2 Nd7 17.Qh1 g5 18.Bxg5 Ng6 19.Qh7 Bxe5 20.dxe5 Qxe5 21.Qh5 O-O-O 22.Be3 Qf6+
23.Ke1 Rh8 24.Qf5 Rh1+ 25.Bg1 Nh4 26.Qxf6 Nxf6 27.Rd1 Nxg4 28.Kd2 b6 29.Nb2 e5
30.Nd3 Kd7 31.Rf1 e4 32.Ndf4 Nf3+ 33.Kc1 Ne3 34.Bxe3 Rxf1+ 35.Kc2 Ra1 36.Nc1 c5
37.bxc5 bxc5 38.Kb2 Rxc1 39.Kxc1 d4 40.cxd4 cxd4 41.Bf2 Kd6 42.Kc2 Kc5 43.Kb3 Nd2+
44.Kc2 Nf3 45.Kb3 Ne5 46.Bh4 Nc6 47.Bf6 Na5+ 48.Ka4 Nc6 49.Kb3 Na5+ 50.Ka4 Nc6  1/2-1/2

[Event "New York op"]
[Site "New York"]
[Date "1987.??.??"]
[Round "?"]
[White "Soltis, Andrew E"]
[Black "Akhsharumova, Anna M"]
[Result "1-0"]
[WhiteElo "2405"]
[BlackElo "2290"]

1.e4 e6 2.d4 d5 3.Nd2 Nf6 4.e5 Nfd7 5.Ngf3 c5 6.c3 Nc6 7.Bd3 Be7 8.O-O g5
9.Kh1 h5 10.b3 g4 11.Ng1 cxd4 12.cxd4 Nxd4 13.Bb2 Qb6 14.f4 Nc6 15.Rc1 Nc5
16.Bb1 Bd7 17.Ne2 Qa6 18.f5 Nd3 19.Bxd3 Qxd3 20.Nf4 Qa6 21.Nxd5 exd5 22.e6 Rg8
23.exd7+ Kd8 24.f6 Ba3 25.Bxa3 Qxa3 26.Rf5 d4 27.Nc4 Qa6 28.Qe1 Qxa2 29.Na5 Qa3
30.Nxb7+ Kxd7 31.Rd5+ Kc7 32.Na5  1-0

[Event "New York op"]
[Site "New York"]
[Date "1987.??.??"]
[Round "?"]
[White "De Firmian, Nick E"]
[Black "Soltis, Andrew E"]
[Result "1/2-1/2"]
[WhiteElo "2500"]
[BlackElo "2405"]

1.e4 g6 2.d4 Bg7 3.Nc3 c6 4.Bc4 d6 5.Bb3 Nf6 6.Bg5 a5 7.Nf3 h6 8.Bxf6 exf6
9.O-O O-O 10.Re1 f5 11.e5 d5 12.a4 Na6 13.Ne2 Nc7 14.Qd2 Ne6 15.c3 Ng5 16.Nxg5 hxg5
17.f4 Bh6 18.Rf1 g4 19.Bc2 b6 20.Ng3 f6 21.exf6 Qxf6 22.Rae1 Ba6 23.Bd3 Bxd3
24.Qxd3 Qd6 25.Re5 Bg7 26.Re3 Rae8 27.Rfe1 Rxe3 28.Qxe3 Kf7 29.Nh1 c5 30.Nf2 cxd4
31.cxd4 Qf6 32.Qe5 Qxe5 33.dxe5 Rc8 34.Nd3 Rc4 35.Rc1 Bf8 36.Kf1 Ke6 37.b3 Rxc1+
38.Nxc1 Bh6 39.Ne2 Kd7 40.g3 Bf8 41.Kg2 Bc5 42.h3 Be3 43.hxg4 fxg4 44.Nc3 Ke6
45.Nb5 Kf5 46.Nd6+ Ke6 47.Nb5 Kf5 48.Nc7 Ke4 49.Ne8 Kf5 50.Nf6 d4 51.Nd5 g5
52.Nxe3+ dxe3 53.fxg5 Kxg5 54.Kf1 Kf5 55.Ke2 Kxe5 56.Kxe3  1/2-1/2

[Event "New York op"]
[Site "New York"]
[Date "1987.??.??"]
[Round "?"]
[White "Ochoa de Echaguen, F Javier"]
[Black "Soltis, Andrew E"]
[Result "1/2-1/2"]
[WhiteElo "2430"]
[BlackElo "2405"]

1.e4 g6 2.d4 Bg7 3.Nc3 c6 4.Bc4 d6 5.Qf3 e6 6.Bf4 Qe7 7.e5 d5 8.Bd3 Nd7 9.Qe3 Qb4
10.O-O-O b5 11.Nf3 Qa5 12.Nd2 Qb6 13.g4 Ba6 14.b4 Bf8 15.a3 Ne7 16.Nb3 h5
17.h3 Qc7 18.Nc5 Bc8 19.Bg5 a5 20.f4 axb4 21.axb4 Nb6 22.Bf6 Rh7 23.Bxe7 Qxe7
24.g5 Qa7 25.Kd2 Qa3 26.Rb1 Rh8 27.Rb3 Qa7 28.Rb2 Be7 29.Ra2 Qb8 30.Rha1 Rxa2
31.Rxa2 Kf8 32.Ne2 Kg7 33.c3 Re8 34.h4 Bd8 35.Qg1 Nc4+ 36.Bxc4 bxc4 37.Qa1 Bb6
38.Ra8 Qc7 39.Qa4 Bd7 40.Rxe8 Bxe8 41.Qa6 Qa7 42.Qxa7 Bxa7 43.Ng3 Kf8 44.Nf1 Ke7
45.Ne3 Bd7 46.Kc1 Kd8 47.Nb7+ Ke7 48.Kb2 Bb8 49.Ka3 Bc7 50.Nd1 Bc8 51.Nc5 Bb6
52.Nb2 Kd8 53.Ka4 Kc7 54.Nd1 Bd7 55.Ne3 Be8 56.Ka3 Bd7 57.Na4 Ba7 58.Nb2 Kb6
59.Na4+ Kc7 60.Ka2 Bc8 61.Ka3 Bd7  1/2-1/2

[Event "GMA-Open"]
[Site "Belgrade"]
[Date "1988.??.??"]
[Round "?"]
[White "Despotovic, Momcilo"]
[Black "Soltis, Andrew E"]
[Result "0-1"]
[WhiteElo "2355"]
[BlackElo "2415"]

1.d4 Nf6 2.c4 d6 3.Nc3 Nbd7 4.Nf3 g6 5.e4 e5 6.d5 a5 7.Bd3 Bg7 8.h3 Nc5 9.Bc2 Nh5
10.g4 Nf4 11.Bxf4 exf4 12.Qd2 a4 13.Rb1 h5 14.g5 O-O 15.Ne2 Bd7 16.Qxf4 b5
17.cxb5 Bxb5 18.Qe3 Re8 19.Ned4 Bc4 20.Nc6 Qd7 21.Rd1 Bxa2 22.O-O Bb3 23.Nfd4  0-1

[Event "GMA-Open"]
[Site "Belgrade"]
[Date "1988.??.??"]
[Round "?"]
[White "Soltis, Andrew E"]
[Black "Ilic, Zoran"]
[Result "1/2-1/2"]
[WhiteElo "2415"]
[BlackElo "2360"]

1.e4 c5 2.Nf3 Nc6 3.d4 cxd4 4.Nxd4 Qb6 5.Nb3 Nf6 6.Nc3 e6 7.Bd3 a6 8.O-O Be7
9.Kh1 Qc7 10.a4 b6 11.f4 d6 12.Qf3 O-O 13.Bd2 Bb7 14.Qh3 Nb4 15.f5 e5 16.Rae1 Rad8
17.Re3 Nxd3 18.cxd3 d5 19.Rg3 Kh8 20.exd5 Bxd5 21.Nxd5 Rxd5 22.Bc3 Rfd8 23.Re3 Bd6
24.Rfe1 Qd7 25.Nd2 Bc5 26.Rxe5 Rxd3 27.Nf3 Qxa4 28.R5e2 Rd1 29.Bxf6 Rxe1+
30.Rxe1 gxf6 31.Qh6 Bd4 32.Qd2 b5 33.h3 Kg7 34.b3 Qxb3 35.Nxd4 Qd5 36.Rd1 Kg8
37.Qh6 Qe5 38.Qh4 b4 39.Rd3 Kh8 40.Qg4 Rg8 41.Qf3 Qe1+ 42.Kh2 Qe5+ 43.Kh1 Qe1+
44.Kh2  1/2-1/2

[Event "GMA-Open"]
[Site "Belgrade"]
[Date "1988.??.??"]
[Round "?"]
[White "Soltis, Andrew E"]
[Black "Jovicic, Milos"]
[Result "1/2-1/2"]
[WhiteElo "2415"]
[BlackElo "2350"]

1.e4 c5 2.Nc3 Nc6 3.Nge2 g6 4.d4 cxd4 5.Nxd4 Bg7 6.Nb3 Nf6 7.Be2 d6 8.O-O O-O
9.Bg5 Bd7 10.Kh1 Rb8 11.f4 b5 12.Bf3 a5 13.a4 bxa4 14.Rxa4 Nb4 15.Ra3 Be6
16.Nxa5 Ra8 17.Nb3 Rxa3 18.bxa3 Qc7 19.Nb5 Qxc2 20.N3d4 Qxd1 21.Rxd1 Na6
22.e5 dxe5 23.fxe5 Nd5 24.Nxe6 fxe6 25.Bxd5 exd5 26.Bxe7 Rb8 27.a4 Bxe5 28.Rxd5 Rc8
29.g3 Rc1+ 30.Kg2 Rc2+ 31.Kf3 Bb8 32.h4 Rb2 33.Rd3 Kf7 34.Ba3 Rb1 35.Rd7+ Ke6
36.Re7+ Kf6 37.Rxh7 Rb3+ 38.Ke4 Rxg3 39.Bb2+ Ke6 40.Nd4+ Kd6 41.Ba3+ Nc5+
42.Bxc5+ Kxc5 43.Ne6+ Kb4 44.Rb7+ Kxa4 45.Nc5+ Ka3 46.Rxb8 Rg4+ 47.Kd3 Rxh4
48.Kc3 Rh3+ 49.Nd3 Ka4 50.Rb1 Rg3 51.Kc4 Rg4+ 52.Kd5 Rg5+ 53.Kc6 Rf5 54.Nc5+ Ka3
55.Kb5 Rf4 56.Rb3+ Ka2 57.Rh3 Kb1 58.Rh2 Rg4 59.Nb3 Rf4 60.Kc5 g5 61.Nd4 g4
62.Kc4 g3 63.Rg2 Rf2 64.Rxg3 Rf8 65.Rb3+ Ka2 66.Rb6 Rc8+ 67.Nc6 Rh8 68.Nb4+ Kb2
69.Nd3+ Kc2 70.Rb2+ Kd1  1/2-1/2

[Event "New York op"]
[Site "New York"]
[Date "1988.??.??"]
[Round "?"]
[White "Suba, Mihai"]
[Black "Soltis, Andrew E"]
[Result "1/2-1/2"]
[WhiteElo "2550"]
[BlackElo "2400"]

1.Nf3 Nf6 2.c4 g6 3.Nc3 d6 4.d4 Nbd7 5.g3 Bg7 6.Bg2 O-O 7.O-O e5 8.h3 c6
9.e4 Qa5 10.Be3 Nb6 11.Nd2 exd4 12.Bxd4 Be6 13.Qe2 c5 14.Be3 Qb4 15.Nd5 Nfxd5
16.cxd5 Bd7 17.Rfb1 Bb5 18.Qd1 Bd3 19.a3 Qa4 20.b3 Qd7 21.a4 f5 22.a5 Nc8
23.exf5 Bxf5 24.g4 Bxb1 25.Rxb1 b5 26.Nf3 h6 27.b4 c4 28.Nd4 Bxd4 29.Bxd4 Ne7
30.Qd2 Kh7 31.Re1 Rae8 32.Be4 Ng8 33.Bc3 Nf6 34.Bc2 Rxe1+ 35.Qxe1 Qe8 36.Qd1 Ne4
37.Bd4 a6 38.h4 h5 39.gxh5 Rf4 40.f3 Rxh4 41.Qe2 Rh1+ 42.Kg2 Qd7 43.hxg6+ Kg8
44.Bxe4 Qh3+ 45.Kf2 Rh2+ 46.Ke1 Rxe2+ 47.Kxe2  1/2-1/2

[Event "New York op"]
[Site "New York"]
[Date "1988.??.??"]
[Round "?"]
[White "Soltis, Andrew E"]
[Black "La Rota, Fabio"]
[Result "1/2-1/2"]
[WhiteElo "2400"]
[BlackElo "2295"]

1.e4 c6 2.d3 d5 3.Nd2 g6 4.Ngf3 Bg7 5.g3 e5 6.Bg2 Ne7 7.O-O O-O 8.b4 Bg4
9.h3 Bxf3 10.Nxf3 Nd7 11.a4  1/2-1/2

[Event "New York op"]
[Site "New York"]
[Date "1988.??.??"]
[Round "?"]
[White "Soltis, Andrew E"]
[Black "Frias, Victor J"]
[Result "1/2-1/2"]
[WhiteElo "2400"]
[BlackElo "2485"]

1.e4 c5 2.Nc3 Nc6 3.Nge2 d6 4.d4 cxd4 5.Nxd4 e6 6.Bc4 a6 7.Bb3 Nf6 8.f4 Na5
9.f5 Nxb3 10.axb3 e5 11.Nde2 h6 12.Ng3 Be7 13.Nh5 Nxh5 14.Qxh5 Bd7 15.Be3 Bc6
16.O-O-O Bg5 17.Bxg5 Qxg5+ 18.Qxg5 hxg5 19.Rxd6 Ke7 20.Rd3 Rh4 21.Nd5+ Bxd5
22.Rxd5 Rxe4 23.Rhd1 Kf8 24.Rc5 Kg8 25.Rd7 Re2 26.Rcc7 Rf8 27.Rd2 Re1+ 28.Rd1 Re2
29.Rd2  1/2-1/2

[Event "New York op"]
[Site "New York"]
[Date "1989.??.??"]
[Round "1"]
[White "Soltis, Andrew E"]
[Black "Romanishin, Oleg M"]
[Result "1-0"]
[WhiteElo "2425"]
[BlackElo "2555"]

1.e4 e5 2.Nc3 Nc6 3.g3 Nf6 4.Bg2 Bc5 5.d3 d6 6.Na4 Bg4 7.f3 Be6 8.Ne2 Qe7
9.Nxc5 dxc5 10.b3 O-O-O 11.O-O h5 12.Bg5 Qd7 13.Qd2 Bh3 14.Rf2 Rdg8 15.Raf1 Bxg2
16.Rxg2 b6 17.a3 Nh7 18.Be3 Nf8 19.b4 cxb4 20.axb4 h4 21.g4 Ne6 22.c3 Rd8
23.Rd1 Qe7 24.Qa2 Ng5 25.Qa6+ Kb8 26.Ra1 Nh3+ 27.Kh1 Qd7 28.d4 Qc8 29.Qa4 Qb7
30.d5 Ne7 31.c4 c6 32.Nc3 Rd7 33.Rga2 Rc8 34.Qb3 cxd5 35.cxd5 Qc7 36.Nb5 Qc4
37.Qxc4 Rxc4 38.Nxa7 Rc3 39.Nb5  1-0

[Event "New York op"]
[Site "New York"]
[Date "1989.??.??"]
[Round "2"]
[White "Soltis, Andrew E"]
[Black "Rohde, Michael A"]
[Result "1/2-1/2"]
[WhiteElo "2425"]
[BlackElo "2540"]

1.e4 c5 2.Nc3 e6 3.Nge2 Nf6 4.g3 Be7 5.Bg2 O-O 6.O-O Nc6 7.d3 Rb8 8.a4 a6
9.h3 b5 10.axb5 axb5 11.d4 b4 12.Na4 cxd4 13.Nxd4 Bb7 14.Re1 d5 15.Bf4 Ra8
16.Nb5 Nxe4 17.Bc7 Qe8 18.Bb6 Bd8 19.Bxe4 Bxb6 20.Bxd5 Rxa4 21.Rxa4 Nd8 22.Rxb4 Bxd5
23.Nc3 Qc6 24.Nxd5 exd5 25.c3 Ne6 26.Qa4 Qd6 27.Kf1 Bc5 28.Rb7 Bxf2 29.Kxf2 Nc5
30.Qb5 Nxb7 31.Qxb7 Rb8 32.Qe7 Rxb2+ 33.Kf3 Qxe7 34.Rxe7 g6 35.Rd7 Rb5 36.Ke3 h5  1/2-1/2

[Event "New York op"]
[Site "New York"]
[Date "1989.??.??"]
[Round "3"]
[White "Razuvaev, Yuri S"]
[Black "Soltis, Andrew E"]
[Result "1/2-1/2"]
[WhiteElo "2550"]
[BlackElo "2425"]

1.d4 Nf6 2.Nf3 d6 3.g3 g6 4.Bg2 Bg7 5.O-O O-O 6.c4 c6 7.Nc3 Qa5 8.e4 Bg4
9.h3 Bxf3 10.Bxf3 Nfd7 11.Be3 a6 12.a3 c5 13.e5 Nc6 14.Bxc6 bxc6 15.exd6 exd6
16.dxc5 Bxc3 17.bxc3 Nxc5 18.Qxd6 Ne4 19.Qxc6 Rfe8 20.Rfe1 Rac8 21.Qd7 Qxc3
22.Rad1 Qxc4 23.Rd4 Qe6 24.Bh6 g5 25.Qxe6 Rxe6 26.Rexe4 Rxh6 27.Rd5 Rg6 28.Re7 Rcc6
29.Kg2 h6 30.Rf5 Rgf6 31.Rxf6 Rxf6 32.Re5 Kg7  1/2-1/2

[Event "New York op"]
[Site "New York"]
[Date "1989.??.??"]
[Round "5"]
[White "Soltis, Andrew E"]
[Black "Frias, Victor J"]
[Result "1/2-1/2"]
[WhiteElo "2425"]
[BlackElo "2510"]

1.e4 c5 2.Nc3 e6 3.Nge2 d6 4.g3 Nc6 5.Bg2 Nf6 6.O-O Be7 7.h3 O-O 8.d3 Rb8
9.f4 Ne8 10.g4 b5 11.Ng3 Nd4 12.Be3 b4 13.Nce2 Nxe2+ 14.Qxe2 Nc7 15.f5 Bf6
16.Rab1 Kh8 17.Qd2 exf5 18.Nxf5 Ne6 19.c3 Ba6 20.c4 Be5 21.Rf3 g6 22.Nh6 Qe7
23.Rbf1 f6 24.h4 Nd4 25.Rh3 Bc8 26.h5 g5 27.Nf5 Bxf5 28.exf5 Rfe8 29.Kh1 b3
30.Qa5 bxa2 31.Qxa2 Ne2 32.Bf2 Rxb2 33.Qa6 Nf4 34.Re3 Nxg2 35.Kxg2 Reb8 36.Qc6 Kg7
37.Kf3 Qb7 38.Qxb7+ R8xb7 39.Bg3 Kf7 40.Bxe5 dxe5 41.Ra1 Rd7 42.Ra5 Rc7 43.Re2 Rb3
44.Rd2 h6 45.Ke3 Ke7 46.Rda2 Kd7 47.Rd2 Rb1 48.Rda2 Rg1 49.Rxa7 Rg3+ 50.Ke2 Rxg4
51.Rxc7+ Kxc7 52.Ra7+ Kc6 53.Ra8 Kc7 54.Ra7+ Kc6 55.Ra8 Kd7 56.Ra7+ Kd8 57.Ra8+ Kc7
58.Ra7+  1/2-1/2

[Event "New York op"]
[Site "New York"]
[Date "1989.??.??"]
[Round "7"]
[White "Burger, Karl"]
[Black "Soltis, Andrew E"]
[Result "1/2-1/2"]
[WhiteElo "2315"]
[BlackElo "2425"]

1.d4 Nf6 2.c4 d6 3.Nc3 Nbd7 4.Nf3 g6 5.e4 e5 6.Be2 Bg7 7.O-O O-O 8.Re1 c6
9.Bf1 a6 10.a3 exd4 11.Nxd4 Re8 12.Bf4 Nc5 13.f3 Nh5 14.Be3 a5 15.b4 axb4
16.axb4 Rxa1 17.Qxa1 Ne6  1/2-1/2